| 000 | 00693nam a2200265I 4500 | ||
|---|---|---|---|
| 999 |
_c46351 _d46351 |
||
| 001 | ocm04301949 | ||
| 003 | OCoLC | ||
| 005 | 20190507135646.0 | ||
| 008 | 781018s1967 miu 000 1 eng | ||
| 010 | _a67017234 | ||
| 040 |
_aDLC _cKKM _dCBC _dUtOrBLW |
||
| 049 | _aCBCM | ||
| 100 | 1 | _aPorterfield, Bruce E. | |
| 245 | 1 | 0 |
_aJungle fire : a novel / _cby Bruce Porterfield. |
| 260 |
_aGrand Rapids : _bZondervan, _cc1967. |
||
| 300 |
_a146 p. ; _c18 cm. |
||
| 336 | _atext | ||
| 337 | _aunmediated | ||
| 338 | _avolume | ||
| 650 | 0 | _aMissionary stories. | |
| 650 | 0 | _aMissions. Literature | |
| 650 | 0 |
_aMissions _vFiction. |
|
| 650 | 0 |
_aMissions _zSouth America |
|
| 942 |
_2lcc _cBK |
||